| 000 | 00637nam a2200217 a 4500 | ||
|---|---|---|---|
| 999 |
_c3519 _d3519 |
||
| 001 | 3519 | ||
| 003 | BD-JhCC | ||
| 005 | 20171114184919.0 | ||
| 008 | 171114s12991370bg |||| ||a| 000 0 ben d | ||
| 035 | _a(BD-JhCC)3519 | ||
| 040 |
_aBD-JhCC _dBD-JhCC |
||
| 041 | _aben | ||
| 082 |
_a891.4415 _bTHA 1370 |
||
| 100 | _aঠাকুর, রবীন্দ্রনাথ | ||
| 245 |
_aচিত্রাঙ্গদা / _cরবীন্দ্রনাথ ঠাকুর, |
||
| 260 |
_aঢাকা : _bএস, আহম্মদ, _c1370 |
||
| 300 |
_a63 p. : _c18 cm. |
||
| 650 | _aBengali Poems | ||
| 942 |
_2ddc _cBK |
||